000 00603nam a2200229Ia 4500
005 20260320201631.0
008 008 262003s9999 xx 000 0 eng d
037 _aEBOOK
040 _aCRL
040 _beng
040 _cCRL
041 _2eng
041 _aeng
084 _qCRL
100 _aMitolo
_91135534
245 0 _aPrinciples and Practices of Electrical Safety Engineering: Ensuring Protection in Electrical Systems
260 _bIEEE
856 _uhttps://ieeexplore.ieee.org/servlet/opac?bknumber=10942485
942 _cEBOOK
999 _c1722569
_d1722569